Tugwell's thoughts on planning / (Record no. 102599)

MARC details
000 -LEADER
campo de control de longitud fija 00771nam a2200241 i 4500
001 - NÚMERO DE CONTROL
campo de control 102599
003 - IDENTIFICADOR DE NÚMERO DE CONTROL
campo de control ES-MaACL
005 - FECHA Y HORA DE LA ÚLTIMA TRANSACCIÓN
campo de control 20230906183136.0
007 - CAMPO FIJO DE DESCRIPCIÓN FÍSICA--INFORMACIÓN GENERAL
campo de control de longitud fija t|
008 - DATOS DE LONGITUD FIJA--INFORMACIÓN GENERAL
campo de control de longitud fija 051122s1975 pr ||||1| eng d
080 ## - NÚMERO DE LA CLASIFICACIÓN DECIMAL UNIVERSAL
Número de la Clasificación Decimal Universal 338.98
080 ## - NÚMERO DE LA CLASIFICACIÓN DECIMAL UNIVERSAL
Número de la Clasificación Decimal Universal 658.012
100 1# - ENTRADA PRINCIPAL--NOMBRE DE PERSONA
Nombre de persona Tugwell, Rexford G.
9 (RLIN) 111659
245 10 - MENCIÓN DEL TÍTULO
Título Tugwell's thoughts on planning /
Mención de responsabilidad, etc. Salvador M. Padilla, editor.
250 ## - MENCION DE EDICION
Mención de edición 1st. ed.
260 ## - PUBLICACIÓN, DISTRIBUCIÓN, ETC.
Lugar de publicación, distribución, etc. [Río Piedras ?] :
Nombre del editor, distribuidor, etc. University of Puerto Rico,
Fecha de publicación, distribución, etc. 1975.
300 ## - DESCRIPCIÓN FÍSICA
Extensión 236 p. ;
Dimensiones 22 cm.
500 ## - NOTA GENERAL
Nota general Precede al tit.: Graduate School of Planning, University of Puerto Rico.
650 14 - PUNTO DE ACCESO ADICIONAL DE MATERIA--TÉRMINO DE MATERIA
Término de materia o nombre geográfico como elemento de entrada Política económica.
9 (RLIN) 16293
650 14 - PUNTO DE ACCESO ADICIONAL DE MATERIA--TÉRMINO DE MATERIA
Término de materia o nombre geográfico como elemento de entrada Planificación estratégica.
9 (RLIN) 16111
700 1# - ENTRADA AGREGADA--NOMBRE PERSONAL
Nombre de persona Padilla, Salvador M.
9 (RLIN) 88182
852 ## - LOCALIZACIÓN
Ubicación ES-MaACL
Número de control de estantería E-11087
Sublocalización o colección R.136766
Holdings
Estatus retirado Estado de pérdida Estado de daño No para préstamo Biblioteca de origen Biblioteca actual Ubicación en estantería Fecha de adquisición Fuente de adquisición Total de préstamos Signatura topográfica completa Código de barras Visto por última vez Precio de reemplazo Tipo de ítem Koha
        Biblioteca del Ateneo de Madrid Biblioteca del Ateneo de Madrid Depósito 2 17/01/2008     E-11087 1107106 23/02/2023 23/02/2023 Libro impreso